000 00707nam a22002417a 4500
003 UA-OsUOA
001 98851
007 ta
008 20130418b un ||||| |||| 00| 0 ukr d
100 _aРозенталь Н.
090 _a821.161.1
_bР64
942 _cBK
040 _aUA-OsUOA
_brus
_cUA-OsUOA
_dUA-OsUOA
245 _aЖанна Д'Арк
_bнародная героиня Франции
300 _a65 с.
955 _a3
041 _arus
080 _a821.161.1
260 _aМ.
_bИ-во социально-экономической литературы
_c1958
044 _aRU
650 7 _a82 Література. Літературознавство
_2UDC
999 _c385209
_d385209